000 00383 a2200145 4500
005 20260429120832.0
020 _a9781292449722
100 _aLAUDON,K
245 _aE-commerce 2023-2024 business.Technology.Society
250 _a18th
260 _aUK
_bPEARSON EDUCATION LIMITED
_c2024
300 _a832p:ill;pictures
_bIdex, refences
_c25.2cm
700 _aTRAVER,C
942 _2ddc
_cBKS
999 _c6877
_d6877